Statistiques concernant Régions d'Italie - Carte

Cliquez ici pour prendre le quiz!

Statistiques générales

  • Ce quiz a été pris 324 fois
  • Le résultat moyen est 13 sur 20

Réponses sur la Carte

Les réponses sont colorées sur une échelle allant du rouge au vert en fonction du pourcentage des utilisateurs qui les ont devinées à leur premier essai. Vous pouvez retrouver ces pourcentages ci-dessous.
 

Statistiques - réponses

Région% Correct
Sicile
94%
Sardaigne
92%
Lombardie
82%
Toscane
82%
Piémont
77%
Pouilles
76%
Vénétie
74%
Latium
69%
Calabre
68%
Emilie-Romagne
66%
Ligurie
62%
Vallée d'Aoste
58%
Abruzzes
55%
Campanie
55%
Ombrie
54%
Marches
45%
Basilicate
43%
Frioul-Vénétie Julienne
42%
Trentin-Haut-Adige
40%
Molise
32%

Distribution des résultats

Percentile par nombre de réponses

% des personnes avec chaque résultat

Votre développement - résultats

Vous n’avez pas pris ce quiz